000 00316 a2200133 4500
999 _c12719
_d12719
008 240704b ||||| |||| 00| 0 eng d
020 _a9783038603528
082 _a720
100 _aUlf Meyer
245 _aGewers Pudewill Tailor Made Architecture
260 _bPark Books
_c2023
300 _a529p;
942 _2ddc